Cartoonfiguren mit C - Statistiken

Allgemein
  • Dieses Quiz wurde 78 mal gespielt
  • Das Durchschnittsergebnis liegt bei 9 aus 16
Antwortstatistiken
Bildquiz Antwort % Korrekt
Cinderella
87%
Captain America
86%
Chip & Chap
86%
Casper
77%
Cruella De Vil
75%
Charlie Brown
70%
Catwoman
69%
Caillou
63%
Christopher Robin
58%
Capper
52%
Conan Edogawa
51%
Calimero
48%
Chihiro
44%
Calvin
20%
Doc Croc
17%
Fred Clever
15%
Keine übereinstimmenden Quizze gefunden
Verteilung der Resultate
Anzahl Personen mit jedem Resultat
Perzentil nach korrekt beantworteten Fragen
Ihre Resultats-Entwicklung
Sie haben dieses Quiz noch nicht gespielt